常住人口与户籍人口比值最低的县级行政区 - Statistics

General Stats
  • This quiz has been taken 8 times
  • The average score is 15 of 41
Answer Stats
比值 省级行政区 地级行政区 县级行政区 % Correct
0.548 内蒙古自治区 呼和浩特市 清水河县
83%
0.564 内蒙古自治区 呼和浩特市 武川县
83%
0.586 安徽省 铜陵市 枞阳县
83%
0.599 安徽省 淮南市 寿县
83%
0.495 内蒙古自治区 包头市 石拐区
67%
0.529 甘肃省 兰州市 永登县
67%
0.582 安徽省 淮南市 潘集区
67%
0.591 广东省 梅州市 大埔县
67%
0.593 内蒙古自治区 包头市 固阳县
67%
0.377 青海省 海西蒙古族藏族自治州 茫崖市
50%
0.431 内蒙古自治区 乌兰察布市 察哈尔右翼中旗
50%
0.518 内蒙古自治区 乌兰察布市 察哈尔右翼后旗
50%
0.521 内蒙古自治区 锡林郭勒盟 太仆寺旗
50%
0.59 广东省 河源市 东源县
50%
0.596 内蒙古自治区 乌兰察布市 察哈尔右翼前旗
50%
0.419 陕西省 榆林市 佳县
33%
0.428 内蒙古自治区 乌兰察布市 卓资县
33%
0.462 陕西省 榆林市 子洲县
33%
0.518 内蒙古自治区 乌兰察布市 凉城县
33%
0.525 内蒙古自治区 乌兰察布市 兴和县
33%
0.527 内蒙古自治区 乌兰察布市 商都县
33%
0.55 内蒙古自治区 呼伦贝尔市 根河市
33%
0.574 河南省 信阳市 商城县
33%
0.582 河南省 信阳市 固始县
33%
0.595 河南省 信阳市 息县
33%
0.595 内蒙古自治区 乌兰察布市 化德县
33%
0.598 山西省 吕梁市 临县
33%
0.512 河北省 张家口市 康保县
17%
0.513 黑龙江省 齐齐哈尔市 拜泉县
17%
0.549 河北省 张家口市 尚义县
17%
0.551 陕西省 榆林市 清涧县
17%
0.554 黑龙江省 齐齐哈尔市 克山县
17%
0.56 四川省 遂宁市 安居区
17%
0.561 黑龙江省 齐齐哈尔市 克东县
17%
0.569 黑龙江省 鸡西市 梨树区
17%
0.583 四川省 广元市 昭化区
17%
0.431 辽宁省 鞍山市 千山区
0%
0.528 黑龙江省 鹤岗市 兴山区
0%
0.548 河北省 张家口市 宣化区
0%
0.55 黑龙江省 双鸭山市 岭东区
0%
0.577 黑龙江省 鸡西市 麻山区
0%
No matching quizzes found
Score Distribution
Percent of People with Each Score
Percentile by Number Answered
Your Score History
You have not taken this quiz